U.S. States Bordering Idaho - Map Quiz - Statistics

General Stats
  • This quiz has been taken 347 times
  • The average score is 6 of 6
Answers on the Map
Answers color-coded by a green-red scale on the quiz's map according to % correct below.
 
Answer Stats
Answer % Correct
Montana
98%
Washington
94%
Nevada
92%
Oregon
92%
Utah
91%
Wyoming
91%
No matching quizzes found
Score Distribution
Percent of People with Each Score
Percentile by Number Answered
Your Score History
You have not taken this quiz